00836nam a22002532a 450000100060000000300080000600500170001400800410003103500190007204000320009104100080012308200210013110000420015224500520019426000360024630000300028250400280031250400200034065000210036083000270038194200120040899900170042095201450043724975BD-RjUL20211209050819.0140315s1962 nyub b 001 0 eng d a(BD-RjUL)25044 aCSUcCSUdBD-RjULdEQObeng aeng00a940.18bATC 19621 aAtiya, Aziz Suryal,d1898-198897680410aCrusade, commerce and culture /cAziz S. Atiya. aLondon :bOxford U. P.,cc1962. a280 p. :bmaps. ;c21 cm. aBibliography: p.262-269 aIncludes index. 0aCrusades.976822 0aScience edition976824 2ddccBK c24975d24975 00102ddc40728NFICaRUCLbRUCLcReadingd1964-05-27eThomas & Thomasg31.50l0o940.18 ATC 1962r2014-03-15 00:00:00tC-1w2014-03-15yBK